| 000 | 00590nam a2200181 4500 | ||
|---|---|---|---|
| 008 | 01992 1995 0a 000 0MEX | ||
| 020 | _a970-15-0127-6 | ||
| 050 | _aTK3201 B824 | ||
| 082 | _a621.319 B257i | ||
| 100 | _aBratu Serb n, Neagu | ||
| 245 | _aInstalaciones El‚ctricas. Conceptos b sicos y diseño / Neagu Bratu Serb n | ||
| 250 | _a2 / 15 reimp. 2011 | ||
| 260 | _aMéxico : Alfaomega | ||
| 300 | _axix, / 240p. / 23 cm. | ||
| 500 | _aIncluye ap‚ndice | ||
| 650 | _a1. INSTALACIONES ELÉCTRICAS 2. LÍNEAS ELÉCTRICAS | ||
| 700 | _aCampero Littlewood, Eduardo | ||
| 999 |
_c22083 _d22083 |
||